000 00893cac a2200265 a 4500
003 CO-PeBPM
005 20250303202041.0
007 ta
008 231129s1982||||ck a||||||||||||| ||spa||
040 _aCO-PeBPM
_bspa
_cCO-PeBPM
_erda
041 _aspa
082 0 4 _a133.33 L379t
_222
100 1 0 _aLaurence, Theodor
_eautor
245 1 0 _aEl tarot sexual
_c/ Theodor Laurence; traducción Hernán Sabaté
250 _aPrimera edición
260 _aBogotá, Colombia : Cí­rculo de Lectores
_b : Cí­rculo de Lectores
_c, 1982
300 _a183 páginas
_bilustraciones en blanco y negro
_c19,5 centímetros
500 _aIncluye índice
650 1 4 _aTarot sexual
_2LEMB
650 1 4 _aAdivinación
_2LEMB
700 _aSabaté, Hernán
_etraducción
765 _aThe sexual key to the Tarot
942 _2ddc
_cBK
999 _c12516
_d12516